000 00539nam a2200217Ia 4500
003 OSt
005 20250819145258.0
008 210210b2006 xxu||||| |||| 00| 0 eng d
020 _a818823771X
040 _cAL
041 _aeng
082 _a631.4 NAGH
100 _aNagamani A
_9236455
245 _aHandbook of soil fungi
260 _aNew Delhi
_bI.K. International Pub. House Pvt. Ltd.
_c2006
300 _axviii477p
690 _aSoil Science
_9236460
700 _aKunwar I K
_9236461
906 _a062434
942 _2ddc
_cBK
999 _c117533
_d117533